000 00623nam a2200181 4500
001 1276
008 830215c19661959nyu 000 0 eng d
020 _a039417108X
100 1 _aBurroughs, William S.,
_d1914-1997.
245 1 0 _aNaked lunch /
_cWilliam S. Burroughs.
260 _aNew York :
_bGrove Press,
_c1966, c1959.
300 _axlvii, 255 p. ;
_c18 cm.
500 _a""First Black Cat edition 1966"".
650 _aAlienation (Social psychology)
_vFiction.
_x
_y
_z
_2
650 _aDrug addicts
_vFiction.
_x
_y
_z
_2
650 _aDrug withdrawal symptoms
_vFiction.
_x
_y
_z
_2
650 _aRecovering addicts
_vFiction.
_x
_y
_z
_2
999 _c911
_d911